[Event "Scarborough CC Falling Leaves U2000"]
[Site "Toronto CAN"]
[Date "2010.12.09"]
[Round "7"]
[White "Bao, Stephen"]
[Black "Farhang, Arvin"]
[Result "1-0"]
[WhiteElo "1783"]
[BlackElo "1626"]
[PlyCount "65"]
[EventDate "2010.10.28"]
[EventType "swiss"]
[EventRounds "7"]
[EventCountry "CAN"]

1. e4 c5 2. Nf3 e6 3. d4 cxd4 4. Nxd4 Nf6 5. Nc3 Nc6 6. Ndb5 d6 7. Bf4 e5 8.
Bg5 a6 9. Na3 b5 10. Nd5 Be7 11. Nxe7 Qxe7 12. c3 h6 13. Bxf6 Qxf6 14. Qd5 Bb7
15. Rd1 Rd8 16. Be2 O-O 17. O-O Rd7 18. Qd2 Qg6 19. Bf3 Ne7 20. c4 b4 21. Nc2
a5 22. Ne3 Ba6 23. Bg4 Rc7 24. Qxd6 Qxd6 25. Rxd6 Bxc4 26. Rc1 Nc8 27. Rd2 Nb6
28. b3 a4 29. bxc4 b3 30. axb3 axb3 31. Rb2 Nxc4 32. Nxc4 Ra8 33. g3 1-0

[Event "Scarborough CC Falling Leaves U2000"]
[Site "Toronto CAN"]
[Date "2010.12.09"]
[Round "7"]
[White "Bellomo, Joe"]
[Black "Ward, Dean"]
[Result "0-1"]
[WhiteElo "1719"]
[BlackElo "1832"]
[PlyCount "54"]
[EventDate "2010.10.28"]
[EventType "swiss"]
[EventRounds "7"]
[EventCountry "CAN"]

1. e4 c5 2. Nf3 d6 3. d4 cxd4 4. Nxd4 Nf6 5. Nc3 g6 6. Be2 Bg7 7. Be3 O-O 8. h3
Nc6 9. Qd2 Bd7 10. O-O-O a6 11. Bh6 Nxd4 12. Bxg7 Nxe2+ 13. Qxe2 Kxg7 14. e5
dxe5 15. Qxe5 Qb8 16. Qxe7 Qf4+ 17. Kb1 Rfe8 18. Qa3 Qxf2 19. Rhf1 Qxg2 20.
Rxf6 Kxf6 21. Qd6+ Be6 22. Nd5+ Kg7 23. Qe5+ Kh6 24. Qf4+ Qg5 25. Qxg5+ Kxg5
26. Nc7 Bxh3 27. Nxa8 Rxa8 0-1

[Event "Scarborough CC Falling Leaves U2000"]
[Site "Toronto CAN"]
[Date "2010.12.09"]
[Round "7"]
[White "Gillis, Doug"]
[Black "Verde, Pino"]
[Result "0-1"]
[WhiteElo "1622"]
[BlackElo "1708"]
[PlyCount "104"]
[EventDate "2010.10.28"]
[EventType "swiss"]
[EventRounds "7"]
[EventCountry "CAN"]

1. d4 Nf6 2. Nc3 d5 3. Bg5 e6 4. e4 Be7 5. e5 Nfd7 6. Bxe7 Qxe7 7. f4 a6 8. Nf3
Nc6 9. Qd2 b5 10. O-O-O Nb6 11. a3 Rb8 12. Kb1 Nc4 13. Qc1 b4 14. axb4 Qxb4 15.
Bxc4 Qxc4 16. Rd3 Nb4 17. Nd2 Nxd3 18. Nxc4 Nxc1 19. Na5 Rb4 20. Rd1 Bd7 21.
Kxc1 c5 22. dxc5 Rxf4 23. c6 Bc8 24. g3 Rf5 25. Rd4 O-O 26. Nb7 Bxb7 27. cxb7
Rxe5 28. Ra4 d4 29. Rxd4 Rc5 30. Rb4 Rb8 31. Ne4 Rb5 32. Rxb5 axb5 33. Nc5 g6
34. Kd2 g5 35. Kc3 f6 36. Kb4 f5 37. Kxb5 f4 38. gxf4 gxf4 39. Kb6 f3 40. Ne4
Kg7 41. Ka7 Rf8 42. b8=Q Rxb8 43. Kxb8 Kg6 44. Kc7 Kf5 45. Nf2 e5 46. b4 e4 47.
b5 e3 48. b6 exf2 49. b7 f1=Q 50. b8=Q Qc4+ 51. Kd7 Qe6+ 52. Kd8 Qg8+ 0-1

[Event "Scarborough CC Falling Leaves U2000"]
[Site "Toronto CAN"]
[Date "2010.12.09"]
[Round "7"]
[White "Huston, Scott"]
[Black "Radpey, Abdolreza"]
[Result "1-0"]
[WhiteElo "1719"]
[BlackElo "1610"]
[PlyCount "75"]
[EventDate "2010.10.28"]
[EventType "swiss"]
[EventRounds "7"]
[EventCountry "CAN"]

1. d4 Nf6 2. c4 g6 3. Nc3 d6 4. e4 Bg7 5. Nf3 Bg4 6. Be2 Nc6 7. h3 Bd7 8. O-O
h6 9. d5 Ne5 10. Nxe5 dxe5 11. Be3 g5 12. a3 Qc8 13. Bf3 g4 14. hxg4 Nxg4 15.
Bxg4 Bxg4 16. f3 Bd7 17. Rc1 h5 18. Qe2 f5 19. exf5 Bxf5 20. Bg5 Bf6 21. Bxf6
exf6 22. f4 Bg4 23. Qe3 Qf5 24. Rce1 O-O-O 25. fxe5 Qxe5 26. Qxa7 Qg5 27. Re7
Qe3+ 28. Rxe3 Kd7 29. Qxb7 Rhf8 30. c5 Rb8 31. c6+ Kd6 32. Ne4+ Kxd5 33. Qxc7
Ra8 34. Qd6+ Kc4 35. b3+ Kb5 36. Nc3+ Kb6 37. Nd5+ Ka7 38. Qc7+ 1-0

[Event "Scarborough CC Falling Leaves U2000"]
[Site "Toronto CAN"]
[Date "2010.12.09"]
[Round "7"]
[White "Karmalkar, Vilas"]
[Black "Sharpe, Michael"]
[Result "0-1"]
[WhiteElo "1623"]
[BlackElo "1690"]
[PlyCount "56"]
[EventDate "2010.10.28"]
[EventType "swiss"]
[EventRounds "7"]
[EventCountry "CAN"]

1. f4 d5 2. Nf3 g6 3. e3 Bg7 4. d4 Nf6 5. c4 c6 6. Nc3 O-O 7. Qc2 Bf5 8. Bd3
Bxd3 9. Qxd3 Nbd7 10. h3 Nb6 11. b3 a5 12. g4 a4 13. Ba3 axb3 14. axb3 Ra6 15.
O-O Re8 16. f5 Qc7 17. Kg2 Rea8 18. Bb2 dxc4 19. bxc4 Na4 20. Rab1 Nxc3 21.
Bxc3 Ra2+ 22. Nd2 R8a3 23. Rf2 Bh6 24. Kf3 b5 25. Rb4 bxc4 26. Qxc4 Nd5 27.
fxg6 hxg6 28. Rb3 Bxe3 0-1

[Event "Scarborough CC Falling Leaves U2000"]
[Site "Toronto CAN"]
[Date "2010.12.09"]
[Round "7"]
[White "Maister, Martin"]
[Black "Armstrong, Robert J"]
[Result "0-1"]
[WhiteElo "1827"]
[BlackElo "1794"]
[PlyCount "86"]
[EventDate "2010.10.28"]
[EventType "swiss"]
[EventRounds "7"]
[EventCountry "CAN"]

1. c4 g6 2. Nf3 Bg7 3. d4 Nf6 4. Nc3 O-O 5. e4 d6 6. Be2 Nc6 7. h3 e5 8. dxe5
dxe5 9. O-O Be6 10. Be3 Qc8 11. Qc2 Nh5 12. Ng5 Nf4 13. Nxe6 Nxe2+ 14. Qxe2
fxe6 15. Rad1 Nd4 16. Qg4 c5 17. Ne2 Qc6 18. Bxd4 cxd4 19. b3 Rf7 20. Rd3 Raf8
21. h4 Rf6 22. f3 Bh6 23. Qh3 Be3+ 24. Kh1 b5 25. Rb1 bxc4 26. bxc4 Qxc4 27.
Rbb3 Qc2 28. Ng1 Qf2 29. Qh2 Qe1 30. Rb2 Rf4 31. Re2 Qc1 32. Rdxe3 dxe3 33. Qh3
Kf7 34. Kh2 Rd8 35. Qg3 Rd1 36. Qg5 Rxg1 37. Qxe5 Rh1+ 38. Kg3 Rhxh4 39. Qd6
Kg7 40. Qxe6 Qc5 41. Rb2 Qg5+ 42. Qg4 Rfxg4+ 43. fxg4 Qxg4# 0-1

[Event "Scarborough CC Falling Leaves U2000"]
[Site "Toronto CAN"]
[Date "2010.12.09"]
[Round "7"]
[White "Mesiti, Silvano"]
[Black "Xie, Peter"]
[Result "0-1"]
[WhiteElo "1682"]
[BlackElo "1637"]
[PlyCount "62"]
[EventDate "2010.10.28"]
[EventType "swiss"]
[EventRounds "7"]
[EventCountry "CAN"]

1. e4 e5 2. Nf3 Nc6 3. Nc3 Nf6 4. Bc4 Be7 5. d4 exd4 6. Nxd4 O-O 7. Nxc6 dxc6
8. O-O b5 9. Bd3 Bd6 10. f4 Ng4 11. h3 Bc5+ 12. Kh1 Qh4 13. Qf3 Nf2+ 14. Kh2
Nxd3 15. cxd3 b4 16. Ne2 Ba6 17. Be3 Bxe3 18. Qxe3 Rad8 19. Rad1 Qf6 20. Rd2
Rd7 21. Rfd1 Rfd8 22. g3 Qe7 23. Nc1 c5 24. Ne2 Bb7 25. f5 g6 26. f6 Qxf6 27.
Qxc5 Bxe4 28. Qxa7 Qf3 29. Nc1 Bxd3 30. Qc5 Be4 31. Rf2 Qxd1 0-1

[Event "Scarborough CC Falling Leaves U2000"]
[Site "Toronto CAN"]
[Date "2010.12.09"]
[Round "7"]
[White "Morra, Lui"]
[Black "Bellissimo, Joseph"]
[Result "1-0"]
[WhiteElo "1691"]
[BlackElo "1890"]
[PlyCount "61"]
[EventDate "2010.10.28"]
[EventType "swiss"]
[EventRounds "7"]
[EventCountry "CAN"]

1. b3 e6 2. Bb2 d5 3. Nf3 Nf6 4. e3 c6 5. Bd3 Nbd7 6. c4 Be7 7. O-O O-O 8. a3
Nc5 9. Bc2 dxc4 10. bxc4 Re8 11. d4 Nce4 12. Nbd2 Nxd2 13. Qxd2 Qc7 14. Qd3 h6
15. a4 Bd7 16. e4 Nh7 17. e5 Nf8 18. Nd2 b6 19. Ne4 Rac8 20. Qg3 a5 21. Bc1 Kh8
22. Ba3 c5 23. d5 exd5 24. cxd5 Qb7 25. d6 Bd8 26. Qf4 Bc6 27. Rad1 Ng6 28. Qe3
Nxe5 29. Bb2 Nc4 30. Qxh6+ Kg8 31. Qxg7# 1-0

[Event "Scarborough CC Falling Leaves U2000"]
[Site "Toronto CAN"]
[Date "2010.12.09"]
[Round "7"]
[White "Paterson, Jim"]
[Black "Ugodnikov, Arkadiy"]
[Result "1/2-1/2"]
[WhiteElo "1857"]
[BlackElo "1866"]
[PlyCount "87"]
[EventDate "2010.10.28"]
[EventType "swiss"]
[EventRounds "7"]
[EventCountry "CAN"]

1. d4 Nf6 2. Nf3 g6 3. c4 c5 4. d5 b5 5. cxb5 a6 6. Nc3 axb5 7. Nxb5 Ba6 8. Nc3
d6 9. g3 Bg7 10. Bg2 O-O 11. O-O Nbd7 12. Re1 Qc7 13. e4 Rfb8 14. Qc2 Ng4 15.
Bf4 Nge5 16. Nxe5 Nxe5 17. Bxe5 Bxe5 18. Bf1 Bxf1 19. Kxf1 Qa5 20. Rec1 Rb4 21.
f3 Rab8 22. Rab1 Qa6+ 23. Kg2 Qb7 24. b3 Qa6 25. Nd1 Qa3 26. Ne3 Qa6 27. Nc4
Bd4 28. Rd1 Qb7 29. Rd3 Ra8 30. a3 Rb5 31. Rbd1 Rb8 32. b4 Bg7 33. Na5 Qd7 34.
Nc6 Re8 35. a4 Rxb4 36. Nxb4 cxb4 37. Rc1 Bc3 38. Qb3 Ra8 39. Rdxc3 bxc3 40.
Rxc3 Rxa4 41. Rc6 Qa7 42. Rc8+ Kg7 43. Qc3+ Qd4 44. Qxd4+ 1/2-1/2

[Event "Scarborough CC Falling Leaves U2000"]
[Site "Toronto CAN"]
[Date "2010.12.09"]
[Round "7"]
[White "Rapoport, Alexander"]
[Black "Song, Lin"]
[Result "1-0"]
[WhiteElo "1886"]
[BlackElo "1677"]
[PlyCount "111"]
[EventDate "2010.10.28"]
[EventType "swiss"]
[EventRounds "7"]
[EventCountry "CAN"]

1. d4 Nf6 2. e3 g6 3. Nf3 Bg7 4. Be2 d6 5. b3 O-O 6. Bb2 Ne4 7. Nbd2 Nxd2 8.
Qxd2 c5 9. O-O Nc6 10. c4 cxd4 11. Nxd4 Nxd4 12. Bxd4 e5 13. Bb2 Qe7 14. Rad1
Rd8 15. Ba3 Bf8 16. e4 Be6 17. f4 Bh6 18. Bxd6 Bxf4 19. Rxf4 Rxd6 20. Qxd6 Qxd6
21. Rxd6 exf4 22. e5 Re8 23. Bf3 Re7 24. Kf2 b6 25. Be4 Rd7 26. Rxd7 Bxd7 27.
Kf3 g5 28. Bd5 Kg7 29. b4 Kf8 30. a3 Ke7 31. Ke4 f6 32. Bb7 f5+ 33. Kd4 Be6 34.
Bf3 g4 35. Be2 h5 36. h4 Kd7 37. c5 Kc7 38. a4 Kc6 39. cxb6 axb6 40. Bd3 Kc7
41. a5 Kb7 42. Bb5 Ka7 43. Kd3 Bd5 44. Kd4 Be6 45. Be8 f3 46. gxf3 g3 47. Ke3
f4+ 48. Ke2 Bc4+ 49. Ke1 bxa5 50. bxa5 Bd5 51. Bxh5 Ka6 52. Bg4 Kxa5 53. e6 Bc6
54. h5 Be8 55. h6 Bg6 56. e7 1-0

[Event "Scarborough CC Falling Leaves U2000"]
[Site "Toronto CAN"]
[Date "2010.12.09"]
[Round "7"]
[White "Zotkin, Daniel"]
[Black "Cale, Ferdinand"]
[Result "1-0"]
[WhiteElo "1708"]
[BlackElo "1841"]
[PlyCount "53"]
[EventDate "2010.10.28"]
[EventType "swiss"]
[EventRounds "7"]
[EventCountry "CAN"]

1. e4 d5 2. exd5 Qxd5 3. Nf3 Qe4+ 4. Be2 h6 5. Nc3 Qb4 6. O-O c6 7. Re1 Bf5 8.
d4 e6 9. a3 Qb6 10. Bd3 Bg4 11. d5 Bc5 12. Qe2 Be7 13. dxe6 Bxe6 14. Ne5 Qc5
15. Ng6 fxg6 16. Qxe6 Kd8 17. Bxg6 Nd7 18. Rd1 Ngf6 19. Be3 Qa5 20. Ne4 Qc7 21.
Nxf6 gxf6 22. Bf5 Bd6 23. Rxd6 Kc8 24. Rxd7 Qe5 25. Qxe5 fxe5 26. Rh7+ Kb8 27.
Rxh8+ 1-0

[Event "Scarborough CC Jack Frost"]
[Site "Toronto CAN"]
[Date "2010.01.07"]
[Round "1"]
[White "Azmitia, Gabriel"]
[Black "Marcille, Gord"]
[Result "1-0"]
[WhiteElo "1526"]
[BlackElo "1827"]
[PlyCount "57"]
[EventDate "2010.01.07"]
[EventType "swiss"]
[EventRounds "6"]
[EventCountry "CAN"]

1. d4 Nf6 2. Nf3 g6 3. b3 Bg7 4. Bb2 d5 5. e3 O-O 6. Bd3 Re8 7. Ne5 Nbd7 8. f4
c5 9. Nd2 Nxe5 10. fxe5 Ng4 11. Qf3 Bh6 12. Nf1 Qa5+ 13. Ke2 Bg7 14. h3 h5 15.
Nh2 Nxh2 16. Rxh2 c4 17. bxc4 dxc4 18. Bxc4 Rf8 19. g4 Qb4 20. Bb3 hxg4 21.
hxg4 Bxe5 22. c3 Qd6 23. dxe5 Qxe5 24. Qh3 Bxg4+ 25. Qxg4 Qxh2+ 26. Kf3 Qxb2
27. Qxg6+ Kh8 28. Rh1+ Qh2 29. Rxh2# 1-0

[Event "Scarborough CC Jack Frost"]
[Site "Toronto CAN"]
[Date "2010.01.07"]
[Round "1"]
[White "Bao, Stephen"]
[Black "Ugodnikov, Arkadiy"]
[Result "1/2-1/2"]
[WhiteElo "1534"]
[BlackElo "1839"]
[PlyCount "131"]
[EventDate "2010.01.07"]
[EventType "swiss"]
[EventRounds "6"]
[EventCountry "CAN"]

1. e4 c5 2. Nf3 d6 3. Bb5+ Bd7 4. Bxd7+ Qxd7 5. c4 Nc6 6. Nc3 Nf6 7. O-O g6 8.
d4 cxd4 9. Nxd4 Bg7 10. Nde2 Rc8 11. f3 O-O 12. Be3 a6 13. a4 Na5 14. b3 Rfd8
15. Rc1 Qc7 16. Nf4 Nc6 17. Ncd5 Nxd5 18. Nxd5 Qb8 19. Bg5 Re8 20. Qd2 f6 21.
Bh6 Na5 22. Bxg7 Nxb3 23. Qh6 Nxc1 24. Rxc1 Qa7+ 25. Kf1 b5 26. Bxf6 e6 27. Ne3
Qf7 28. Qg5 Rc5 29. e5 dxe5 30. Bxe5 h5 31. axb5 axb5 32. f4 Rec8 33. g4 Qh7
34. gxh5 Qxh5 35. Qxh5 gxh5 36. Ke2 Rd8 37. Rg1+ Kf7 38. cxb5 Rxb5 39. Nc4 Rbd5
40. Rg5 h4 41. Rh5 Rg8 42. Kf2 Rg4 43. h3 Rxf4+ 44. Bxf4 Rxh5 45. Ne5+ Ke8 46.
Kf3 Ke7 47. Kg4 Rh7 48. Ng6+ Kf6 49. Nxh4 Rg7+ 50. Kf3 Ra7 51. Kg3 e5 52. Bd2
Rd7 53. Be3 Rg7+ 54. Kh2 Ke6 55. Nf3 Kf5 56. Nd2 e4 57. Nf1 Ke5 58. Ng3 Kd5 59.
h4 Kc4 60. h5 Kd3 61. h6 Rf7 62. Bg5 e3 63. Bxe3 Kxe3 64. Kh3 Rh7 65. Kg4 Rxh6
66. Nf5+ 1/2-1/2

[Event "Scarborough CC Jack Frost"]
[Site "Toronto CAN"]
[Date "2010.01.07"]
[Round "1"]
[White "Bellomo, Joe"]
[Black "Hacatoglu, Kevork"]
[Result "0-1"]
[WhiteElo "1748"]
[BlackElo "2209"]
[PlyCount "47"]
[EventDate "2010.01.07"]
[EventType "swiss"]
[EventRounds "6"]
[EventCountry "CAN"]

1. e4 e6 2. d4 d5 3. Nc3 Bb4 4. e5 c5 5. a3 Bxc3+ 6. bxc3 Ne7 7. Bd3 Qc7 8. Nf3
Bd7 9. O-O Ba4 10. Ng5 h6 11. Nf3 Nd7 12. Bf4 Rc8 13. Rc1 Nc6 14. Re1 Na5 15.
Nd2 cxd4 16. cxd4 Qc3 17. Qg4 Kf8 18. Nb3 Nc4 19. Bxc4 Qxc4 20. Bg3 Bxb3 21.
cxb3 Qxc1 22. f4 Qd2 23. f5 Rc1 24. Bh4 0-1

[Event "Scarborough CC Jack Frost"]
[Site "Toronto CAN"]
[Date "2010.01.07"]
[Round "1"]
[White "Casareno, Erwin"]
[Black "Rutherdale, William"]
[Result "1-0"]
[WhiteElo "2204"]
[BlackElo "1737"]
[PlyCount "59"]
[EventDate "2010.01.07"]
[EventType "swiss"]
[EventRounds "6"]
[EventCountry "CAN"]

1. e4 e5 2. Nf3 Nc6 3. Bc4 Bc5 4. c3 Nf6 5. b4 Bb6 6. d3 d6 7. O-O h6 8. a4 a5
9. b5 Ne7 10. Nbd2 O-O 11. d4 Ng6 12. Re1 Re8 13. Qb3 Qe7 14. dxe5 dxe5 15. Ba3
Qd7 16. Nf1 Nh8 17. h3 c5 18. bxc6 Qxc6 19. Bb5 Qe6 20. Bc4 Qc6 21. Ng3 Be6 22.
Nxe5 Bxc4 23. Nxc4 Bc5 24. Bxc5 Qxc5 25. Rad1 Ng6 26. Nd6 Re7 27. Nxb7 Qc6 28.
Nd6 Nd7 29. Ndf5 Re6 30. Nd4 1-0

[Event "Scarborough CC Jack Frost"]
[Site "Toronto CAN"]
[Date "2010.01.07"]
[Round "1"]
[White "Conte, Mike"]
[Black "Yuan, Yuanling"]
[Result "0-1"]
[WhiteElo "1801"]
[BlackElo "2324"]
[PlyCount "65"]
[EventDate "2010.01.07"]
[EventType "swiss"]
[EventRounds "6"]
[EventCountry "CAN"]

1. e4 c5 2. Nf3 d6 3. d4 cxd4 4. Nxd4 Nf6 5. Nc3 g6 6. Be2 Bg7 7. O-O O-O 8.
Be3 Nc6 9. Qd2 Re8 10. h3 a6 11. f4 Qc7 12. a4 Na5 13. Nf3 Be6 14. Nd4 Bc4 15.
b3 Bxe2 16. Ndxe2 Rac8 17. Rac1 b6 18. Qe1 Qc6 19. Bd4 Nb7 20. Qf2 Nxe4 21.
Nxe4 Qxe4 22. Bxg7 Kxg7 23. Ng3 Qb4 24. Qf3 Nd8 25. Qg4 Ne6 26. Kh2 Rc5 27. c3
Qxb3 28. f5 Rc4 29. Qe2 Nc7 30. Qf3 Rxa4 31. Ne4 gxf5 32. Qf4 fxe4 33. Qxf7+
0-1

[Event "Scarborough CC Jack Frost"]
[Site "Toronto CAN"]
[Date "2010.01.07"]
[Round "1"]
[White "Douglas, Richard"]
[Black "Radpey, Abdolreza"]
[Result "1-0"]
[WhiteElo "1870"]
[BlackElo "1564"]
[PlyCount "65"]
[EventDate "2010.01.07"]
[EventType "swiss"]
[EventRounds "6"]
[EventCountry "CAN"]

1. e4 c5 2. Nc3 Nc6 3. f4 d6 4. Bb5 e6 5. Nf3 Nge7 6. O-O g6 7. d3 a6 8. Bxc6+
Nxc6 9. e5 d5 10. a3 d4 11. Ne4 Be7 12. Qe1 O-O 13. g4 f5 14. exf6 Bxf6 15.
Neg5 Re8 16. Qh4 Qe7 17. Ne5 Bxg5 18. fxg5 Nxe5 19. Bf4 Nc6 20. Rae1 Qd7 21.
Bd2 b6 22. Rf6 Bb7 23. Bf4 Nd8 24. Rf1 Qd5 25. Qh3 Nf7 26. Rxf7 Qh1+ 27. Kf2
Qf3+ 28. Qxf3 Bxf3 29. Rc7 Bxg4 30. Kg3 Bf5 31. Be5 Rac8 32. Rg7+ Kh8 33. Rxg6#
1-0

[Event "Scarborough CC Jack Frost"]
[Site "Toronto CAN"]
[Date "2010.01.07"]
[Round "1"]
[White "Gillis, Doug"]
[Black "Al Ganabi, Haqi"]
[Result "0-1"]
[WhiteElo "1692"]
[BlackElo "1990"]
[PlyCount "48"]
[EventDate "2010.01.07"]
[EventType "swiss"]
[EventRounds "6"]
[EventCountry "CAN"]

1. e4 e6 2. d4 d5 3. Nc3 Nf6 4. e5 Nfd7 5. Qh5 Be7 6. Nf3 g6 7. Qg4 c5 8. Bh6
cxd4 9. Nxd4 Nxe5 10. Qg3 Bf6 11. Bb5+ Nec6 12. O-O-O Bd7 13. Nxc6 bxc6 14. Be2
a5 15. Bf4 a4 16. Bxb8 Rxb8 17. Nxa4 O-O 18. h4 c5 19. Nc3 Qa5 20. h5 Qb4 21.
hxg6 fxg6 22. Bh5 Qxb2+ 23. Kd2 Bxc3+ 24. Qxc3 Rxf2+ 0-1

[Event "Scarborough CC Jack Frost"]
[Site "Toronto CAN"]
[Date "2010.01.07"]
[Round "1"]
[White "Hall, John"]
[Black "Jizan, Masoud"]
[Result "1-0"]
[WhiteElo "2260"]
[BlackElo "1818"]
[PlyCount "65"]
[EventDate "2010.01.07"]
[EventType "swiss"]
[EventRounds "6"]
[EventCountry "CAN"]

1. d4 d5 2. Nf3 Nf6 3. c4 c6 4. e3 Nbd7 5. Bd3 e6 6. b3 Be7 7. O-O Qc7 8. Bb2
b6 9. Nbd2 Bd6 10. e4 dxe4 11. Nxe4 Nxe4 12. Bxe4 Nf6 13. Bc2 Ng4 14. h3 h5 15.
hxg4 hxg4 16. Ne5 Bb7 17. Qxg4 O-O-O 18. f4 Qe7 19. Rae1 Rh4 20. Qg3 Rdh8 21.
Be4 Bb4 22. Rd1 g5 23. Bxc6 Bxc6 24. Nxc6 Qc7 25. Nxb4 gxf4 26. Qf3 f6 27. Kf2
Kd7 28. c5 Rg8 29. c6+ Ke7 30. Ba3 Kf7 31. Rh1 Rxh1 32. Rxh1 Qd6 33. Nc2 1-0

[Event "Scarborough CC Jack Frost"]
[Site "Toronto CAN"]
[Date "2010.01.07"]
[Round "1"]
[White "Haziprodromu, Sam"]
[Black "Philip, Andrew"]
[Result "1-0"]
[WhiteElo "1916"]
[BlackElo "1612"]
[PlyCount "109"]
[EventDate "2010.01.07"]
[EventType "swiss"]
[EventRounds "6"]
[EventCountry "CAN"]

1. e4 d5 2. exd5 Qxd5 3. Nf3 Nf6 4. d4 Bg4 5. Be2 e6 6. O-O Be7 7. c4 Qd8 8.
Nc3 c6 9. Be3 O-O 10. Rc1 Nbd7 11. h3 Bh5 12. Re1 Nb6 13. Ne5 Bxe2 14. Qxe2
Nbd7 15. Nf3 Re8 16. Red1 Qa5 17. Qc2 Rad8 18. b3 h6 19. Rd3 Qf5 20. Rcd1 e5
21. dxe5 Nxe5 22. Nxe5 Qxe5 23. Rxd8 Bxd8 24. Bd4 Qg5 25. Be3 Qe5 26. g3 Qe6
27. Kg2 Bc7 28. Ne2 a6 29. Nd4 Qe4+ 30. Qxe4 Nxe4 31. Nf5 Rd8 32. Rxd8+ Bxd8
33. Bd4 Bf6 34. Bxf6 Nxf6 35. Kf3 Kh7 36. Nd6 b5 37. Nxf7 Kg6 38. Ne5+ Kf5 39.
Nxc6 bxc4 40. bxc4 Nd7 41. Ke3 g5 42. Kd4 Ke6 43. Nb4 a5 44. Nd3 Kd6 45. a4 h5
46. c5+ Kc6 47. Kc4 Nf6 48. Ne5+ Kc7 49. Kd4 g4 50. hxg4 hxg4 51. Kc4 Kc8 52.
Kb5 Kb7 53. Kxa5 Ne4 54. Kb5 Nxf2 55. a5 1-0

[Event "Scarborough CC Jack Frost"]
[Site "Toronto CAN"]
[Date "2010.01.07"]
[Round "1"]
[White "Huston, Scott"]
[Black "Bzikot, Robert"]
[Result "0-1"]
[WhiteElo "1598"]
[BlackElo "1916"]
[PlyCount "42"]
[EventDate "2010.01.07"]
[EventType "swiss"]
[EventRounds "6"]
[EventCountry "CAN"]

1. c4 f5 2. g3 Nf6 3. Bg2 g6 4. Nc3 Bg7 5. d4 d6 6. e3 O-O 7. Nge2 c6 8. O-O
Qc7 9. Qb3 Kh8 10. Qc2 e5 11. dxe5 dxe5 12. e4 Na6 13. a3 fxe4 14. Nxe4 Nxe4
15. Bxe4 Nc5 16. f4 Nxe4 17. Qxe4 Bf5 18. Qg2 Qd7 19. fxe5 Bh3 20. e6 Qxe6 21.
Nf4 Bd4+ 0-1

[Event "Scarborough CC Jack Frost"]
[Site "Toronto CAN"]
[Date "2010.01.07"]
[Round "1"]
[White "Kurkowski, Ken"]
[Black "Garel, Rick"]
[Result "0-1"]
[WhiteElo "1626"]
[BlackElo "1954"]
[PlyCount "90"]
[EventDate "2010.01.07"]
[EventType "swiss"]
[EventRounds "6"]
[EventCountry "CAN"]

1. d4 Nf6 2. c4 e5 3. dxe5 Ng4 4. Nf3 Bc5 5. e3 Nc6 6. Be2 Ngxe5 7. O-O O-O 8.
b3 Nxf3+ 9. Bxf3 Qf6 10. Qc2 Nd4 11. exd4 Bxd4 12. Nc3 Bxc3 13. Bg5 Qxg5 14.
Qxc3 d6 15. Rfe1 Rb8 16. Re2 Bg4 17. Rae1 Bxf3 18. Qxf3 c6 19. Qd3 d5 20. Re5
dxc4 21. Qxc4 Qd2 22. a4 Rbd8 23. Re7 h6 24. Kf1 Rd7 25. R1e2 Qd6 26. Rxd7 Qxd7
27. Qe4 Qd1+ 28. Re1 Qxb3 29. Rb1 Qc3 30. Rxb7 Qc1+ 31. Qe1 Qc4+ 32. Qe2 Qxa4
33. Qe7 a5 34. Ra7 Qb5+ 35. Qe2 Re8 36. Qxb5 cxb5 37. Rxa5 Rb8 38. Ke2 Kf8 39.
Kd3 Ke7 40. Kc3 Rc8+ 41. Kb4 Rc2 42. Rxb5 Rxf2 43. Rb7+ Kf6 44. Rb6+ Kg5 45.
Rb5+ f5 0-1

[Event "Scarborough CC Jack Frost"]
[Site "Toronto CAN"]
[Date "2010.01.07"]
[Round "1"]
[White "Lamb, Bryan"]
[Black "Stewart, Frankie"]
[Result "1-0"]
[WhiteElo "2218"]
[BlackElo "1770"]
[PlyCount "61"]
[EventDate "2010.01.07"]
[EventType "swiss"]
[EventRounds "6"]
[EventCountry "CAN"]

1. c4 c5 2. Nc3 Nc6 3. Nf3 Nf6 4. g3 d6 5. Bg2 Bg4 6. O-O Qd7 7. Re1 e5 8. d3
Be7 9. Bg5 O-O 10. Bxf6 Bxf6 11. Nd5 Bd8 12. a3 a5 13. Qa4 Bh3 14. Bh1 f5 15.
b4 f4 16. bxc5 fxg3 17. hxg3 h5 18. Rab1 h4 19. Ne3 hxg3 20. fxg3 Rb8 21. cxd6
Qxd6 22. c5 Qxc5 23. Qc4+ Qxc4 24. Nxc4 Bc7 25. Ng5 Bg4 26. Bd5+ Kh8 27. Kg2 g6
28. Rh1+ Kg7 29. Rh7+ Kf6 30. Ne4+ Kf5 31. Ne3# 1-0

[Event "Scarborough CC Jack Frost"]
[Site "Toronto CAN"]
[Date "2010.01.07"]
[Round "1"]
[White "Lin, Tony (Juntao)"]
[Black "Southam, David"]
[Result "0-1"]
[WhiteElo "1732"]
[BlackElo "2158"]
[PlyCount "94"]
[EventDate "2010.01.07"]
[EventType "swiss"]
[EventRounds "6"]
[EventCountry "CAN"]

1. d4 Nf6 2. c4 c5 3. d5 b5 4. cxb5 a6 5. b6 g6 6. Nc3 d6 7. e4 Qxb6 8. g3 Bg7
9. Bg2 O-O 10. Qc2 a5 11. Nge2 Ba6 12. O-O Nbd7 13. h3 Ne5 14. Kh2 Nd3 15. Na4
Qb5 16. Nec3 Qb7 17. Rd1 Nxc1 18. Raxc1 Rab8 19. b3 Ne8 20. Nb2 Qb4 21. Nca4
Nc7 22. Nc4 Nb5 23. Qd2 f5 24. Nxa5 Qxd2 25. Rxd2 f4 26. Rdd1 fxg3+ 27. fxg3
Rf2 28. Nc6 Re8 29. Kg1 Rxa2 30. Bf3 Nd4 31. Nxd4 Bxd4+ 32. Kh1 Rf8 33. Nc3 Rb2
34. Na4 Rxb3 35. Bg2 Rf2 36. Rb1 Rxg3 37. Rg1 Ra2 38. Kh2 Be5 39. Nb2 Rb3+ 40.
Kh1 Rbxb2 41. Rxb2 Rxb2 42. Ra1 Rxg2 43. Rxa6 Rc2 44. Ra3 c4 45. Kg1 c3 46. Kf1
Rb2 47. Ke1 c2 0-1

[Event "Scarborough CC Jack Frost"]
[Site "Toronto CAN"]
[Date "2010.01.07"]
[Round "1"]
[White "Maister, Martin"]
[Black "Mahoney, Ian"]
[Result "0-1"]
[WhiteElo "1879"]
[BlackElo "1570"]
[PlyCount "96"]
[EventDate "2010.01.07"]
[EventType "swiss"]
[EventRounds "6"]
[EventCountry "CAN"]

1. c4 Nf6 2. Nc3 e5 3. g3 d5 4. cxd5 Nxd5 5. Bg2 Nb6 6. Nf3 Nc6 7. O-O Be7 8.
d3 O-O 9. a3 a5 10. b3 Be6 11. Bb2 f6 12. Qc2 Qd7 13. Rfd1 Rfd8 14. Rac1 Bf8
15. Ne4 Qf7 16. Nfd2 Bd5 17. b4 axb4 18. axb4 Bxb4 19. Bc3 Ra2 20. Qb1 Bxc3 21.
Nxc3 Ra7 22. Nxd5 Nxd5 23. Ne4 Nd4 24. Qb2 Rda8 25. Ra1 Nxe2+ 26. Kf1 Rxa1 27.
Rxa1 Rxa1+ 28. Qxa1 Nd4 29. Qa8+ Qf8 30. Qxb7 c6 31. Qb2 Qb4 32. Qa2 Qb3 33.
Qa8+ Kf7 34. Nd6+ Ke6 35. Bxd5+ Kxd5 36. Qd8 Qxd3+ 37. Kg2 Qf3+ 38. Kg1 Kc5 39.
Nb7+ Kc4 40. Qa5 Qd5 41. Qa4+ Kd3 42. Qd1+ Ke4 43. Qg4+ Kd3 44. Qd1+ Kc3 45.
Qe1+ Kc2 46. Qa1 Ne2+ 47. Kf1 Qh1+ 48. Kxe2 Qxa1 0-1

[Event "Scarborough CC Jack Frost"]
[Site "Toronto CAN"]
[Date "2010.01.07"]
[Round "1"]
[White "Moysoski, Randy"]
[Black "Moran-Venegas, Mario"]
[Result "0-1"]
[WhiteElo "1969"]
[BlackElo "1634"]
[PlyCount "121"]
[EventDate "2010.01.07"]
[EventType "swiss"]
[EventRounds "6"]
[EventCountry "CAN"]

1. e4 e5 2. f4 exf4 3. Bc4 Qh4+ 4. Kf1 d6 5. Nf3 Bg4 6. d4 Bxf3 7. Qxf3 Nc6 8.
c3 g5 9. Bd2 Nh6 10. Be1 Qg4 11. h3 Qxf3+ 12. gxf3 f6 13. b4 a6 14. a4 Ne7 15.
Na3 Nf7 16. Bd2 Bg7 17. b5 a5 18. Bd3 b6 19. h4 h6 20. Kf2 O-O-O 21. Nc2 Ng6
22. h5 Ne7 23. Rae1 Rde8 24. Bc4 Nd8 25. Rhg1 Bf8 26. Bb3 Kd7 27. Bc1 Ne6 28.
Bb2 Bg7 29. Na3 Rhf8 30. Nc4 Bh8 31. Ba3 Rf7 32. Nb2 Rff8 33. Nd3 Nc8 34. Rd1
Ne7 35. Rge1 Nd8 36. e5 fxe5 37. dxe5 Nf5 38. exd6 Nxd6 39. c4 Bd4+ 40. Kf1
Rxe1+ 41. Nxe1 Ne6 42. Nd3 Nc5 43. Bc2 Re8 44. Nxf4 Re3 45. Bc1 Rxf3+ 46. Ke1
Bc3+ 47. Ke2 Rxf4 48. Bxf4 gxf4 49. Kf3 Be5 50. Re1 Ke6 51. Rg1 Nxc4 52. Rg6+
Kd5 53. Rxh6 Nd2+ 54. Ke2 Nde4 55. Rh7 f3+ 56. Kf1 Bd4 57. h6 f2 58. Rf7 Nd2+
59. Kg2 f1=Q+ 60. Rxf1 Nxf1 61. Kxf1 0-1